Steel Manufacture: Simply Explained (Record no. 677)

000 -LEADER
fixed length control field 00440nam a2200157 4500
008 - FIXED-LENGTH DATA ELEMENTS--GENERAL INFORMATION
fixed length control field 191118b ||||| |||| 00| 0 eng d
082 00 - DEWEY DECIMAL CLASSIFICATION NUMBER
Classification number 672
Item number G8221
100 ## - MAIN ENTRY--PERSONAL NAME
9 (RLIN) 122
Personal name Gregory, Edwin
245 10 - TITLE STATEMENT
Title Steel Manufacture: Simply Explained
250 ## - EDITION STATEMENT
Edition statement 3rd ed.
260 ## - PUBLICATION, DISTRIBUTION, ETC. (IMPRINT)
Place of publication, distribution, etc London
Name of publisher, distributor, etc Sir Isaac Pitman & Sons ltd
Date of publication, distribution, etc 1946
300 ## - PHYSICAL DESCRIPTION
Extent xiv, 205 p.
650 #0 - SUBJECT ADDED ENTRY--TOPICAL TERM
Topical term or geographic name as entry element Steel Metallurgy
700 ## - ADDED ENTRY--PERSONAL NAME
9 (RLIN) 188
Personal name Eric N. Simons
942 ## - ADDED ENTRY ELEMENTS (KOHA)
Source of classification or shelving scheme
Item type Books
Holdings
Withdrawn status Lost status Source of classification or shelving scheme Damaged status Not for loan Permanent location Current location Date acquired Full call number Barcode Date last seen Copy number Koha item type
          IMU Kolkata IMU Kolkata 1952-10-10 672 G8221 00094 2019-11-18 1 Books
Designed and Maintained by IMU-KC Library, Kolkata Campus © Copyright All Rights Reserved

webs counters

Powered by Koha